000 00486nam a22001817a 4500
999 _c2840
_d2797
008 170612b xxu||||| |||| 00| | tur d
020 _a9944916439
041 _atur
050 _aPL248.E7358
100 _91426
_aErbey, Muharrem
245 _aKayıp Şecere
250 _a1. baskı
260 _aİstanbul
_bAgora Kitaplığı
_cEylül 2006
300 _a117 sayfa
500 _aAgora Kitaplığı: 132; Türkçe Edebiyat: 25
650 0 _9145
_aTürk Edebiyatı
942 _2lcc
_cBK